Изучение глубинного строения месторождения Белый Тигр сейсморазведкой; Творчество юных - шаг в успешное будущее

Xehetasun bibliografikoak
Parent link:Творчество юных - шаг в успешное будущее.— 2014.— [С. 140-142]
Egile nagusia: Ву Тхуи Нган
Erakunde egilea: Национальный исследовательский Томский политехнический университет (ТПУ) Институт природных ресурсов (ИПР) Кафедра геофизики (ГЕОФ)
Beste egile batzuk: Лобова Г. А. Галина Анатольевна (научный руководитель)
Gaia:Заглавие с титульного экрана
Hizkuntza:errusiera
Argitaratua: 2014
Saila:Нефтегазоносность морей и океанов Земли
Gaiak:
Sarrera elektronikoa:http://www.lib.tpu.ru/fulltext/c/2015/C66/052.pdf
Formatua: Baliabide elektronikoa Liburu kapitulua
KOHA link:https://koha.lib.tpu.ru/cgi-bin/koha/opac-detail.pl?biblionumber=612471

MARC

LEADER 00000naa2a2200000 4500
001 612471
005 20260422151242.0
035 |a (RuTPU)RU\TPU\conf\10593 
035 |a RU\TPU\conf\10591 
090 |a 612471 
100 |a 20150617d2014 k y0rusy50 ca 
101 0 |a rus 
102 |a RU 
135 |a drcn ---uucaa 
181 0 |a i  
182 0 |a b 
200 1 |a Изучение глубинного строения месторождения Белый Тигр сейсморазведкой  |f Ву Тхуи Нган  |g науч. рук. Г. А. Лобова 
203 |a Текст  |c электронный 
225 1 |a Нефтегазоносность морей и океанов Земли 
300 |a Заглавие с титульного экрана 
320 |a [Библиогр.: с. 142 (3 назв.)] 
337 |a Adobe Reader 
463 1 |0 (RuTPU)RU\TPU\conf\10372  |t Творчество юных - шаг в успешное будущее  |o материалы VII Межрегиональной студенческой научной студенческой конференции с элементами научной школы имени профессора М.К. Коровина, г. Томск, 10-14 ноября 2014 г.  |f Национальный исследовательский Томский политехнический университет (ТПУ) ; под ред. А. Ю. Дмитриева  |v [С. 140-142]  |d 2014 
610 1 |a труды учёных ТПУ 
610 1 |a электронный ресурс 
610 1 |a глубинное строение 
610 1 |a месторождения 
610 1 |a Белый Тигр 
610 1 |a сейсморазведка 
700 0 |a Ву Тхуи Нган 
702 1 |a Лобова  |b Г. А.  |c геофизик  |c доцент Томского политехнического университета, кандидат геолого-минералогических наук  |f 1952-  |g Галина Анатольевна  |4 727 
712 0 2 |a Национальный исследовательский Томский политехнический университет (ТПУ)  |b Институт природных ресурсов (ИПР)  |b Кафедра геофизики (ГЕОФ)  |3 (RuTPU)RU\TPU\col\18667 
801 2 |a RU  |b 63413507  |c 20161014  |g RCR 
856 4 |u http://www.lib.tpu.ru/fulltext/c/2015/C66/052.pdf 
942 |c BK